000 00408nam a22001457a 4500
082 _aT-60
100 _aLt Col Zia-Ul-Hassan
_948479
245 _aA study to combat landslide phenomenon in Azad Kashmir
_cLt Col Zia-Ul-Hassan
260 _aRisalpur
_bMCE
_c1993
300 _axiii, 218.p:
526 _a0
_b0
_c0
_dT_60
650 _aThesis
_934811
700 _aLt Col Zia-Ul-Hassan
_948479
942 _2ddc
_cBK
999 _c551416
_d551416